Biggest cities by population starting with J - Statistics

General Stats
  • This quiz has been taken 37 times
  • The average score is 5 of 9
Answer Stats
Population Country Answer % Correct
~8,540,100 Indonesia Jakarta
100%
~2,026,500 South Africa Johannesburg
100%
~2,867,400 Saudi Arabia Jeddah
92%
~2,711,800 India Jaipur
69%
~1,321,000 Mexico Juarez
67%
~4,336,000 China Jinan
44%
~1,882,000 China Jilin
19%
~1,030,200 India Jabalpur
6%
~1,002,000 China Jieyang
0%
No matching quizzes found
Score Distribution
Percent of People with Each Score
Percentile by Number Answered
Your Score History
You have not taken this quiz